|
|
|
|
| LEADER |
02019cam a2200553 i 4500 |
| 001 |
nkc20253717199 |
| 003 |
CZ PrNK |
| 005 |
20251204100907.0 |
| 007 |
ta |
| 008 |
251001s2025 xr abe e f 001 0 cze d |
| 015 |
|
|
|a cnb003717199
|
| 020 |
|
|
|a 978-80-7689-616-1
|q (brožováno)
|
| 035 |
|
|
|a (OCoLC)1568020650
|
| 040 |
|
|
|a PNA001
|b cze
|d BOA001
|e rda
|
| 041 |
1 |
|
|a cze
|h eng
|
| 043 |
|
|
|a u-nz---
|
| 072 |
|
7 |
|a 913(9)
|x Geografie Oceánie, polárních oblastí, Austrálie, atd.
|2 Konspekt
|9 7
|
| 080 |
|
|
|a 913(931)
|2 MRF
|
| 080 |
|
|
|a (931)
|2 MRF
|
| 080 |
|
|
|a (036)913
|2 MRF
|
| 100 |
1 |
|
|a Stables, Daniel
|7 xx0265121
|4 aut
|
| 240 |
1 |
0 |
|a Rough guide to New Zealand.
|l Česky
|
| 245 |
1 |
0 |
|a Nový Zéland /
|c ... Daniel Stables ; přeložil Radomír Beneš
|
| 246 |
1 |
4 |
|a Turistický průvodce - Nový Zéland
|
| 250 |
|
|
|a Čtvrté vydání
|
| 264 |
|
1 |
|a Brno :
|b Jota,
|c 2025
|
| 300 |
|
|
|a 716 stran :
|b barevné ilustrace, mapy, plány ;
|c 20 cm
|
| 336 |
|
|
|a text
|b txt
|2 rdacontent
|
| 337 |
|
|
|a bez média
|b n
|2 rdamedia
|
| 338 |
|
|
|a svazek
|b nc
|2 rdacarrier
|
| 490 |
1 |
|
|a Průvodce ;
|v svazek 223
|
| 500 |
|
|
|a Přeloženo z angličtiny
|
| 500 |
|
|
|a Na titulní stránce uvedeno logo původního nakladatelství Rough Guides
|
| 500 |
|
|
|a Chronologický přehled
|
| 500 |
|
|
|a Terminologický slovník
|
| 500 |
|
|
|a Obsahuje rejstřík
|
| 651 |
|
7 |
|a Nový Zéland
|7 ge130252
|x reálie
|2 czenas
|
| 651 |
|
9 |
|a New Zealand
|x description and travel
|2 eczenas
|
| 655 |
|
7 |
|a turistické průvodce
|7 fd133738
|2 czenas
|
| 655 |
|
9 |
|a tourist guidebooks
|2 eczenas
|
| 700 |
1 |
|
|a Beneš, Radomír
|7 ola20181005997
|4 trl
|
| 830 |
|
0 |
|a Průvodce (Jota)
|0 s
|
| 910 |
2 |
|
|a BOA001
|b 1-1552.741
|
| 920 |
|
|
|a 000984117
|z PNA001
|
| 990 |
|
|
|a BK
|
| 995 |
|
|
|a 01
|
| 991 |
|
|
|b 202511
|c NOV
|
| 996 |
6 |
|
|b 2611018020
|c 1-1552.741
|l MZK
|r Sklad / do 1 hodiny
|n 0
|p p.v.
|w 002024927
|u 000010
|a 1
|e BOA001
|j MZK50
|s P
|
| 996 |
7 |
|
|b 2611018021
|c 1-1552.741
|l Vol.výběr
|r VV 1p
|n 0
|p p.v.
|h 913(9) PRU NOV
|w 002024927
|u 000020
|a 0
|e BOA001
|j MZK50
|s A
|